000 00588nam a22001937a 4500
005 20251108164056.0
008 250721s1997 xx 000 0 ara d
082 1 4 _a155/سلي
100 1 _aسليمان، عبد الرحمن سيد
245 1 0 _aنمو الإنسان في الطفولة و المراهقة /
264 1 _aالقاهرة :
_bمكتبة زهراء الشرق،
_c1997.
300 _a586ص
650 1 7 _aعلم النفس
650 1 7 _aسيكولوجية النمو
650 1 7 _aالأطفال
650 1 7 _aالمراهقة
942 _2ddc
_cBK
999 _c2988
_d2988